| 000 | 00358nam a2200145Ia 4500 | ||
|---|---|---|---|
| 008 | 230917s9999||||xx |||||||||||||| ||und|| | ||
| 040 |
_e55274 _aMAIN |
||
| 041 | _aEnglish | ||
| 082 | _a320.50954 M687T | ||
| 100 | _aMishra, A D | ||
| 245 | 0 | _aRediscovering Gandhi | |
| 260 |
_aNew Delhi _bMittal Publications _c2002 |
||
| 300 | _avi, 230 p. | ||
| 942 | _cBK | ||
| 999 |
_c112502 _d112502 |
||